000 00529nam a2200193Ia 4500
005 20250508154018.0
008 008 250505s9999 xx 000 0 eng d
037 _aTextual
040 _aFEDL
_beng
_cFEDL
041 _aeng
_2eng
084 _a150.722, COL
_qFEDL
100 _aCollins Mary
245 0 _aFirst laboratory guide in psychology
260 _aLondon, UK
_bMethuen and Co. Ltd.
_c1926
300 _a156p.
650 _aPsychology
942 _cTEXL
_h150.722, COL
999 _c1347025
_d1347025